Central Library OPAC University of Rajshahi

Logic for computer science : (Record no. 68490)

MARC details
000 -LEADER
fixed length control field 00915nam a2200265 a 4500
001 - CONTROL NUMBER
control field 68490
003 - CONTROL NUMBER IDENTIFIER
rucl marc code BD-RjUL
005 - DATE AND TIME OF LATEST TRANSACTION
control field 20211209081759.0
008 - FIXED-LENGTH DATA ELEMENTS--GENERAL INFORMATION
fixed length control field 170403s1986 nyu b 001 0 eng d
020 ## - INTERNATIONAL STANDARD BOOK NUMBER
International Standard Book Number 0060422254
035 ## - SYSTEM CONTROL NUMBER
System control number (BD-RjUL)68700
040 ## - CATALOGING SOURCE
Transcribing agency BD-RjUL
Modifying agency BD-RjUL
Language of cataloging eng
Original cataloging agency BD-RjUL
041 ## - LANGUAGE CODE
Language code of text/sound track or separate title eng
082 00 - DEWEY DECIMAL CLASSIFICATION NUMBER
Classification number 511.3
Edition number 23
Author mark and year GAL 1986
100 1# - MAIN ENTRY--PERSONAL NAME
Personal name Gallier, Jean H.
9 (RLIN) 203013
245 10 - TITLE STATEMENT
Title Logic for computer science :
Remainder of title foundations of automatic theorem proving /
Statement of responsibility, etc. Jean H. Gallier.
260 ## - PUBLICATION, DISTRIBUTION, ETC. (IMPRINT)
Place of publication, distribution, etc. New York, NY :
Name of publisher, distributor, etc. Harper & Row,
Date of publication, distribution, etc. c1986.
300 ## - PHYSICAL DESCRIPTION
Pagination xv, 511 p. ;
Size 25 cm.
504 ## - BIBLIOGRAPHY, ETC. NOTE
Bibliography, etc Includes bibliographies and indexes.
650 #0 - SUBJECT ADDED ENTRY--TOPICAL TERM
Topical term or geographic name as entry element mathematical Logic (Symbolic Logic)
9 (RLIN) 203015
Topical term or geographic name as entry element Automatic theorem proving.
9 (RLIN) 203016
830 ## - SERIES ADDED ENTRY--UNIFORM TITLE
Uniform title Harper & Row computer science and technology series
942 ## - ADDED ENTRY ELEMENTS (KOHA)
Source of classification or shelving scheme Dewey Decimal Classification
Koha item type Books
Holdings
Lost status Source of classification or shelving scheme Damaged status Not for loan Collection code Permanent Location Current Location Shelving location Date acquired Source of acquisition Total Checkouts Full call number Date last seen Copy number Koha item type
  Dewey Decimal Classification   Not For Loan Non-fiction Central Library, University of Rajshahi Central Library, University of Rajshahi Reading Room 29/07/1989 Asia Foundation   511.3 GAL 1986 03/04/2017 C-1 Books